Statistics for Members of the Chinese Politburo

Click here to take the quiz!

General Stats

  • This quiz has been taken 9 times
  • The average score is 4 of 7

Answer Stats

First held postHolder% Correct
22 October 2007Xi Jinping
100%
22 October 2007Li Keqiang
80%
25 October 2017Wang Yang
60%
25 October 2017Han Zheng
40%
25 October 2017Li Zhanshu
40%
25 October 2017Zhao Leji
40%
25 October 2017Wang Huning
20%

Score Distribution

Percentile by Number Answered

Percent of People with Each Score

Your Score History

You have not taken this quiz